|
|
|
|
| LEADER |
00000nab a2200000 a 4500 |
| 001 |
vtls000816302 |
| 003 |
SK-MaSNL |
| 005 |
20260302151816.0 |
| 008 |
180206c2002 xo 0 slo |
| 015 |
|
|
|a SNBRB2002/12-41157
|
| 035 |
|
|
|a CLN000167957
|
| 040 |
|
|
|a SNKBUCL
|b slo
|c SNKBUCL
|e AACR2
|
| 041 |
0 |
|
|a slo
|
| 044 |
|
|
|a xo
|c SK
|
| 080 |
|
|
|a 656:339.9
|2 UDC-MRF-SK2
|
| 080 |
|
|
|a 656(437.6):339.9
|2 UDC-MRF-SK2
|
| 080 |
|
|
|a 339.9
|2 UDC-MRF-SK2
|
| 100 |
1 |
|
|a Hansenová, Heda,
|d 1949-
|4 aut
|9 211056
|
| 245 |
1 |
0 |
|a Slovenská doprava v premene
|c Heda Hansenová
|
| 650 |
0 |
7 |
|a doprava
|x globalizácia
|2 snkbucl
|9 844017
|
| 650 |
0 |
7 |
|a doprava
|z Slovensko
|2 snkbucl
|9 267289
|
| 650 |
0 |
7 |
|a globalizácia
|2 snkbucl
|9 3615
|
| 655 |
|
7 |
|a články z novín a časopisov
|2 snkbucl
|9 267496
|
| 773 |
0 |
|
|t IBC. International business cooperation
|g Roč. 13, č. 5 (2002), s. 20, 22-23
|
| 850 |
|
|
|a Slovenská národná knižnica v Martine
|
| 852 |
|
|
|a SNK
|b KIS3GCP
|
| 958 |
|
|
|a RBX
|
| 999 |
|
|
|c 1360913
|d 1362843
|